<?xml version="1.0" encoding="UTF-8"?>
<record
    xmlns:xsi="http://www.w3.org/2001/XMLSchema-instance"
    xsi:schemaLocation="http://www.loc.gov/MARC21/slim http://www.loc.gov/standards/marcxml/schema/MARC21slim.xsd"
    xmlns="http://www.loc.gov/MARC21/slim">

  <leader>00974nam0a22002651  4500</leader>
  <controlfield tag="001">v19\rc\1706646</controlfield>
  <controlfield tag="005">20260407023842.0</controlfield>
  <datafield tag="035" ind1=" " ind2=" ">
    <subfield code="a">(NLR Aleph) 004807412</subfield>
  </datafield>
  <datafield tag="090" ind1=" " ind2=" ">
    <subfield code="a">4892542</subfield>
    <subfield code="c">4892542</subfield>
  </datafield>
  <datafield tag="100" ind1=" " ind2=" ">
    <subfield code="a">20061002d1899    |||y0rusy50      ca</subfield>
  </datafield>
  <datafield tag="101" ind1="0" ind2=" ">
    <subfield code="a">rus</subfield>
  </datafield>
  <datafield tag="102" ind1=" " ind2=" ">
    <subfield code="a">RU</subfield>
  </datafield>
  <datafield tag="105" ind1=" " ind2=" ">
    <subfield code="a">e   z   |||||</subfield>
  </datafield>
  <datafield tag="200" ind1="1" ind2=" ">
    <subfield code="a">&#x412;&#x441;&#x435;&#x43C;&#x438;&#x440;&#x43D;&#x430;&#x44F; &#x445;&#x443;&#x434;&#x43E;&#x436;&#x435;&#x441;&#x442;&#x432;&#x435;&#x43D;&#x43D;&#x430;&#x44F;, &#x43F;&#x440;&#x43E;&#x43C;&#x44B;&#x448;&#x43B;&#x435;&#x43D;&#x43D;&#x430;&#x44F; &#x438; &#x437;&#x435;&#x43C;&#x43B;&#x435;&#x434;&#x435;&#x43B;&#x44C;&#x447;&#x435;&#x441;&#x43A;&#x430;&#x44F; &#x432;&#x44B;&#x441;&#x442;&#x430;&#x432;&#x43A;&#x430; 1900 &#x433;&#x43E;&#x434;&#x430; &#x432; &#x41F;&#x430;&#x440;&#x438;&#x436;&#x435;</subfield>
    <subfield code="e">&#x420;&#x443;&#x441;&#x441;&#x43A;&#x438;&#x439; &#x43E;&#x442;&#x434;.</subfield>
    <subfield code="e">&#x421; &#x43F;&#x440;&#x438;&#x43B;. &#x43F;&#x43B;. &#x412;&#x44B;&#x441;&#x442;&#x430;&#x432;&#x43A;&#x438;</subfield>
  </datafield>
  <datafield tag="205" ind1=" " ind2=" ">
    <subfield code="a">(&#x41D;&#x435;&#x43E;&#x444;&#x438;&#x446;. &#x438;&#x437;&#x434;.)</subfield>
  </datafield>
  <datafield tag="210" ind1=" " ind2=" ">
    <subfield code="a">&#x421;&#x430;&#x43D;&#x43A;&#x442;-&#x41F;&#x435;&#x442;&#x435;&#x440;&#x431;&#x443;&#x440;&#x433;</subfield>
    <subfield code="d">1899</subfield>
  </datafield>
  <datafield tag="215" ind1=" " ind2=" ">
    <subfield code="a">39 &#x441;., 1 &#x43B;. &#x43F;&#x43B;&#x430;&#x43D;.</subfield>
    <subfield code="d">18</subfield>
  </datafield>
  <datafield tag="710" ind1="1" ind2="2">
    <subfield code="a">&#x412;&#x441;&#x435;&#x43C;&#x438;&#x440;&#x43D;&#x430;&#x44F; &#x432;&#x44B;&#x441;&#x442;&#x430;&#x432;&#x43A;&#x430;</subfield>
    <subfield code="f">1900</subfield>
    <subfield code="e">&#x41F;&#x430;&#x440;&#x438;&#x436;</subfield>
    <subfield code="b">&#x420;&#x443;&#x441;&#x441;&#x43A;&#x438;&#x439; &#x43E;&#x442;&#x434;&#x435;&#x43B;</subfield>
    <subfield code="3">RU\NLR\AUTH\8810009370</subfield>
    <subfield code="9">516467</subfield>
  </datafield>
  <datafield tag="801" ind1=" " ind2="0">
    <subfield code="a">RU</subfield>
    <subfield code="b">NLR</subfield>
    <subfield code="g">psbo</subfield>
  </datafield>
  <datafield tag="801" ind1=" " ind2="0">
    <subfield code="a">RU</subfield>
    <subfield code="b">RuMoRGB</subfield>
    <subfield code="2">psbo</subfield>
  </datafield>
  <datafield tag="801" ind1=" " ind2="1">
    <subfield code="a">RU</subfield>
    <subfield code="b">ProSoft-M</subfield>
    <subfield code="2">rusmarc</subfield>
  </datafield>
  <datafield tag="852" ind1=" " ind2=" ">
    <subfield code="a">NLR</subfield>
    <subfield code="j">20.60.3.314</subfield>
  </datafield>
  <datafield tag="899" ind1=" " ind2=" ">
    <subfield code="a">&#x411;&#x410;&#x41D;</subfield>
  </datafield>
  <datafield tag="942" ind1=" " ind2=" ">
    <subfield code="c">BOOK</subfield>
  </datafield>
  <datafield tag="980" ind1=" " ind2=" ">
    <subfield code="a">NB</subfield>
  </datafield>
  <datafield tag="995" ind1=" " ind2=" ">
    <subfield code="5">2013-10-26</subfield>
    <subfield code="b">NLR02</subfield>
    <subfield code="c">NLR02</subfield>
    <subfield code="e">RFS</subfield>
    <subfield code="f">1-3377283</subfield>
    <subfield code="k">20.60.3.314</subfield>
    <subfield code="o">0</subfield>
    <subfield code="r">BOOK</subfield>
    <subfield code="s">20603314_</subfield>
  </datafield>
  <datafield tag="995" ind1=" " ind2=" ">
    <subfield code="5">2013-10-26</subfield>
    <subfield code="b">NLR01</subfield>
    <subfield code="c">NLR01</subfield>
    <subfield code="e">TEMP</subfield>
    <subfield code="f">4807412-20</subfield>
    <subfield code="o">0</subfield>
    <subfield code="r">BOOK</subfield>
  </datafield>
</record>
